78 Babynamen der Woche 12/25' - Statistiken

Allgemein
  • Dieses Quiz wurde 4 mal gespielt
  • Das Durchschnittsergebnis liegt bei 33 aus 78
Antwortstatistiken
📍 Vorname % Korrekt
C.c.l.a ♀️ Cecilia
100%
El.s.b..h ♀️ Elisabeth
100%
Fi.n ♂️ Finn
100%
Fl.r..n ♂️ Florian
100%
He.m.t ♂️ Helmut
100%
Ir.s ♀️ Iris
100%
J.h.n..s ♂️ Johannes
100%
L.t.c.a ♀️ Leticia
100%
L.l.y ♀️ Lilly
100%
Lu.s ♂️ Luis
100%
Ma.a ♀️ Mara
100%
Ma.k ♂️ Mark
100%
Ma.t.n ♂️ Martin
100%
B.n.o ♂️ Benno
67%
Co.n.l.a ♀️ Cornelia
67%
D.i.y ♀️ Daisy
67%
D.n ♂️ Dan
67%
El.a ♀️ Ella
67%
Em.l.e ♀️ Emilie
67%
E.a ♀️ Eva
67%
F.r.k ♂️ Faruk
67%
H.n.i ♀️ Hanni
67%
Ha.m..y ♀️ Harmony
67%
Ju.t.s ♂️ Justus
67%
K.t.r.n ♀️ Kathrin
67%
M.l.n.a ♀️ Melania
67%
S.b..t..n ♂️ Sebastian
67%
S.e.f.i.d ♂️ Siegfried
67%
S.m.n ♂️ Simon
67%
S.f.a ♀️ Sofia
67%
S.p..e ♀️ Sophie
67%
V.l..t..a ♀️ Valentina
67%
Vi.c..t ♂️ Vincent
67%
We.d.l.n ♂️ Wendelin
67%
Al.a ♀️ Alia
33%
A.n ♀️ Ann
33%
A.t..i ♂️ Antoni
33%
A.r.l.a ♀️ Aurelia
33%
Bl.e ♀️ Blue
33%
C.r.s.a ♀️ Christa
33%
C.r..t..n ♂️ Christian
33%
C.a.d.a ♀️ Claudia
33%
D.n..e ♀️ Denise
33%
El.a ♀️ Elda
33%
El.o.o.a ♀️ Eleonora
33%
E.i.s ♂️ Elias
33%
G.o..i ♂️ Georgi
33%
H.l..e ♀️ Helene
33%
Li.n ♀️ Linn
33%
M.a ♀️ Mia
33%
No.h ♂️ Noah
33%
P.a ♀️ Pia
33%
R.b..t ♂️ Robert
33%
A.a.a ♀️ Ayala
0%
C.a.o ♂️ Chapo
0%
F.n.a ♀️ Fenja
0%
G.a.e ♀️ Grace
0%
I.y.s ♂️ Ilyas
0%
J.l..n ♀️ Joleen
0%
L.s.e ♂️ Lasse
0%
Le.i ♀️ Leni
0%
L.s.y ♀️ Lissy
0%
Lu.a ♂️ Luca
0%
M.r.n.s ♂️ Marinus
0%
M.e.a ♀️ Meena
0%
Me.a ♀️ Meta
0%
M.h.e.a ♀️ Mihaela
0%
M.k..l ♂️ Mikail
0%
M.r..a ♀️ Mirela
0%
Öm.r ♂️ Ömer
0%
Pa.l ♂️ Paul
0%
Q.i..n ♂️ Quirin
0%
Ri.a ♀️ Rita
0%
Ro.a ♀️ Rosa
0%
S.a ♀️ Sia
0%
S.l..e ♀️ Solene
0%
T.a.i ♂️ Taavi
0%
W.e.a ♀️ Wieka
0%
Keine übereinstimmenden Quizze gefunden
Verteilung der Resultate
Anzahl Personen mit jedem Resultat
Perzentil nach korrekt beantworteten Fragen
Ihre Resultats-Entwicklung
Sie haben dieses Quiz noch nicht gespielt